Break Free - Ariana Grande (All Lyrics) - Statistics

General Stats
  • This quiz has been taken 140 times
  • The average score is 277 of 324
Answer Stats
Lyrics % Correct
I
100%
when
99%
don't
98%
it,
97%
it
97%
the
97%
want
97%
before
96%
this
96%
break
95%
free
95%
no
95%
(no
95%
is
94%
say
94%
you
94%
can't
93%
part
93%
a
92%
i'm
90%
more
90%
take
90%
to
90%
wanna
90%
by
89%
'cause
88%
if
88%
stronger
88%
i've
86%
been
85%
than
85%
hear
81%
resist
81%
who
79%
really
78%
die
77%
have
77%
on
77%
should
77%
am
76%
am,
76%
anymore
76%
broken
76%
heart
76%
now
76%
of
76%
said
76%
fake
75%
that
75%
lie
74%
never
73%
pretend
72%
tonight
72%
alive
71%
hide
71%
become
69%
hands
69%
only
68%
oh
66%
was
64%
ya
61%
baby,
59%
baby
59%
tried
59%
like
58%
deeper
56%
so
55%
your
54%
every
53%
better,
49%
came
48%
my
48%
time
48%
up
48%
were
48%
but
47%
in
47%
body
44%
right
44%
under
44%
dreams
42%
felt
41%
hell
41%
spell
41%
highway
40%
woke
40%
babe
34%
thought
34%
fatal
30%
lethal
30%
deadly
26%
ooh)
25%
fear
14%
No matching quizzes found
Score Distribution
Percent of People with Each Score
Percentile by Number Answered
Your Score History
You have not taken this quiz